000 01153nam0a22002531 4500
001 rc\2823967
005 20260406084641.0
035 _a(NLR Aleph) 006982298
090 _a5543745
_c5543745
100 _a20110623d1929 |||y0rusy50 ca
101 0 _arus
102 _aRU
105 _ay z |||||
200 1 _aПески и песчаники Рязанской губернии
_fП.В. Васильев
_gРязанск. губ. плановая комиссия
210 _aРязань
_cРязгостип
_d1929
215 _a15 с.
_d26×17 см
300 _aОттиск из вып. VI Материалов к плану народного хозяйства Рязанск. губ. Полезные ископаемые Рязанск. губ.
320 _aБиблиогр.: "Список использованной литературы" (18 названий)
700 1 _7ca
_8rus
_aВасильев
_bП. В.
_cд-р геол.-минерал. наук
_f1894-
_gПётр Васильевич
_3RU\NLR\AUTH\770279301
_92651268
801 0 _aRU
_bNLR
_gpsbo
801 1 _aRU
_bELAR
_2rusmarc
852 _aNLR
_j86/1
942 _cBOOK
980 _aNB